| 000 | 01158naa a2200253 c 4500 | ||
|---|---|---|---|
| 001 | 46150 | ||
| 003 | ES-MaCES | ||
| 005 | 20150722100708.0 | ||
| 008 | 150722s2015 sp ||||| t||||||| ||spa d | ||
| 040 |
_aES-MaCES _bspa _cES-MaCES _dES-MaCES |
||
| 100 | 1 |
_913032 _aGarcía-Perrote Escartín, Ignacio |
|
| 245 | 1 | 3 |
_aLa retribución variable debe incluirse en el salario del período de vacaciones _b: la doctrina del Tribunal de Justicia de la Unión europea y su recepción por la Audiencia Nacional _cIgnacio García-Perrote Escarín, Jesús R. Mercader Uguina |
| 650 | 4 |
_929478 _avacaciones pagadas |
|
| 650 | 4 |
_928388 _adeterminación del salario |
|
| 650 | 4 |
_928390 _asistema de remuneración |
|
| 650 | 4 |
_927165 _aderecho del trabajo |
|
| 650 | 4 |
_929866 _aderecho comunitario |
|
| 650 | 4 |
_928624 _ajurisprudencia |
|
| 653 | 1 | 0 | _aRelaciones laborales-Empleo |
| 700 | 1 |
_918447 _aMercader Uguina, Jesús R. |
|
| 773 | 0 |
_983078 _dValladolid (Avda. Reyes Católicos, 11, 47008) Lex nova _o085980 _tInformación laboral _w(ES-MaCES)25782 _gn. 3 (2015) {55/796 R. 085980} ;p. 3-7 |
|
| 902 | _aART Artículo de revista | ||
| 942 |
_2CES _cAR _h2.0. |
||
| 999 |
_c46150 _d46150 |
||